SENHOR DOS ANÉIS - Statistics

Estatísticas Gerais
  • Esse quiz foi jogado 136 vezes
  • A pontuação média é 13 de 15
Estatísticas das Respostas
Questão Resposta % Correto
Quem são os principais vilões da trilogia Sauron, Saruman, Orcs e Gollum
100%
Quem escreveu os livros de O Senhor dos Anéis J.R.R Tolkien
96%
Quem se tornou rei de Gondor no final de O Retorno do rei? Aragorn
94%
Quais personagens estavam presentes quando o Um Anel foi destruído? Frodo, Sam e Gollum
94%
Onde o Um Anel foi destruído? Mordor
94%
Em As Duas Torres, quem guia Sam e Frodo até Mordor? Smeagol
94%
Frodo era um: Bolseiro
93%
Qual desses não foi corrompido pelo Um Anel? Samwise
91%
Qual o nome da cidade dos elfos em que a sociedade do anel se forma? Valfenda
91%
Qual o nome da montanha em que o Um Anel foi forjado por Sauron? Montanha da Perdição
87%
Qual o nome real de Gollum? Smeagol
87%
Quem não faz parte da sociedade do anel? Faramir
84%
Para onde Frodo vai no final de O Retorno do Rei? Terras Imortais
82%
Qual desses personagens não morre? Gimli
79%
Qual desses personagens não fala com Frodo em momento nenhum depois da formação da sociedade do anel? Legolas
53%
Nenhum quiz correspondente encontrado
Distribuição das Pontuações
Porcentagem de Pessoas com Cada Pontuação
Percentil de Números Respondidos
Sua Pontuação Histórica
Você não jogou esse quiz